ბათუმის შოთა რუსთაველის სახელმწიფო უნივერსიტეტის ბიბლიოთეკა

Справочник по монтажу промышленного оборудования и трубопроводов. (ბიბ.ჩანაწერი № 38191)

000 -LEADER
fixed length control field 00781nam a2200217Ia 4500
001 - CONTROL NUMBER
control field 4181
003 - CONTROL NUMBER IDENTIFIER
control field GE_BSU
008 - FIXED-LENGTH DATA ELEMENTS--GENERAL INFORMATION
fixed length control field 181216s||||||||xx |||||||||||||| ||und||
040 ## - CATALOGING SOURCE
Transcribing agency GE_BSU
080 ## - UNIVERSAL DECIMAL CLASSIFICATION NUMBER
Universal Decimal Classification number 621.64.002(035)
100 ## - MAIN ENTRY--PERSONAL NAME
Personal name Сукальский,Г.А. Ханапетов,М.В. Харас,З.Б.
245 ## - TITLE STATEMENT
Title Справочник по монтажу промышленного оборудования и трубопроводов.
245 ## - TITLE STATEMENT
Statement of responsibility, etc. Ред. Л.В Зворыкина.
260 ## - PUBLICATION, DISTRIBUTION, ETC.
Place of publication, distribution, etc. М.
260 ## - PUBLICATION, DISTRIBUTION, ETC.
Name of publisher, distributor, etc. Стройиздат.
260 ## - PUBLICATION, DISTRIBUTION, ETC.
Date of publication, distribution, etc. 1967.
300 ## - PHYSICAL DESCRIPTION
Extent 310 стр. 20 см.
300 ## - PHYSICAL DESCRIPTION
Accompanying material Табл.
653 ## - INDEX TERM--UNCONTROLLED
Uncontrolled term Справочник по монтажу промышленного оборудования и трубопроводов.
942 ## - ADDED ENTRY ELEMENTS (KOHA)
Koha item type წიგნი
ეგზემპლარები
Withdrawn status Lost status Damaged status Not for loan Date acquired Barcode Date last seen Price effective from Koha item type Public note
        2018-12-17 9385 2018-12-17 2018-12-17 წიგნი საცავი